Geometric Aspects of Functional Analysis (Запис № 449267)

МАРК-запис
000 -LEADER
fixed length control field 05822nam a22006135i 4500
001 - CONTROL NUMBER
control field 978-3-319-45282-1
003 - CONTROL NUMBER IDENTIFIER
control field DE-He213
005 - DATE AND TIME OF LATEST TRANSACTION
control field 20210118135406.0
007 - PHYSICAL DESCRIPTION FIXED FIELD--GENERAL INFORMATION
fixed length control field cr nn 008mamaa
008 - FIXED-LENGTH DATA ELEMENTS--GENERAL INFORMATION
fixed length control field 170418s2017 gw | s |||| 0|eng d
020 ## - INTERNATIONAL STANDARD BOOK NUMBER
International Standard Book Number 9783319452821
-- 978-3-319-45282-1
024 7# - OTHER STANDARD IDENTIFIER
Standard number or code 10.1007/978-3-319-45282-1
Source of number or code doi
050 #4 - LIBRARY OF CONGRESS CALL NUMBER
Classification number QA319-329.9
072 #7 - SUBJECT CATEGORY CODE
Subject category code PBKF
Source bicssc
072 #7 - SUBJECT CATEGORY CODE
Subject category code MAT037000
Source bisacsh
072 #7 - SUBJECT CATEGORY CODE
Subject category code PBKF
Source thema
082 04 - DEWEY DECIMAL CLASSIFICATION NUMBER
Classification number 515.7
Edition number 23
245 10 - TITLE STATEMENT
Title Geometric Aspects of Functional Analysis
Medium [electronic resource] :
Remainder of title Israel Seminar (GAFA) 2014–2016 /
Statement of responsibility, etc edited by Bo'az Klartag, Emanuel Milman.
250 ## - EDITION STATEMENT
Edition statement 1st ed. 2017.
264 #1 -
-- Cham :
-- Springer International Publishing :
-- Imprint: Springer,
-- 2017.
300 ## - PHYSICAL DESCRIPTION
Extent XII, 366 p. 2 illus.
Other physical details online resource.
336 ## -
-- text
-- txt
-- rdacontent
337 ## -
-- computer
-- c
-- rdamedia
338 ## -
-- online resource
-- cr
-- rdacarrier
347 ## -
-- text file
-- PDF
-- rda
490 1# - SERIES STATEMENT
Series statement Lecture Notes in Mathematics,
Міжнародний стандартний серійний номер для назви серії (ISSN) 0075-8434 ;
Том/ позначення послідовності 2169
505 0# - FORMATTED CONTENTS NOTE
Formatted contents note Alesker, S.: On repeated sequential closures of constructible functions in valuations -- Ben-Efraim L., Milman, V., Segal, A.: Orbit point of view on some results of asymp-totic theory; Orbit type and cotype -- Bobkov, S. G., Nayar, P., Tetali, P.: Concentration Properties of Restricted Measures with Applications to Non-Lipschitz Functions -- Bourgain, J.:On random walks in large compact Lie groups -- Bourgain, J.: On a problem of Farrell and Vershynin in random matrix theory. -- Colesanti, A., Lombardi, N.: Valutations on the space of quasi-concave functions -- Dafnis, N., Paouris, G.: An inequality for moments of log-concave functions on Gaus-sian random vectors -- Friedland, O., Yomdin, Y.:(s; p)-valent functions -- Gluskin, E. D., Ostrover, Y.: A remark on projections of the rotated cube to complex lines -- Guedon, O., Hinrichs, A., Litvak, A. E., Prochno, J.: On the expectation of operatornorms of random matrices -- Haviv, I., Regev, O.: The Restricted Isometry Property of Subsampled Fourier Ma-trices -- Huang, H., Wei, F.: Upper bound for the Dvoretzky dimension in Milman-Schechtman theorem -- Klartag, B.: Super-Gaussian directions of random vectors -- Koldobsky, A., Pajor, A.: A remark on measures of sections of Lp-balls -- Kolesnikov, A. V., Milman, E.: Sharp Poincare-type inequality for the Gaussian mea-sure on the boundary of convex sets -- Konig, H., Milman, V.: Rigidity of the chain rule and nearly submultiplicative functions -- Lata la, R., Matlak, D.: Royen's proof of the Gaussian correlation inequality -- Liaw, C., Mehrabian, A., Plan, Y., Vershynin, R.: A simple tool for bounding the deviation of random matrices on geometric sets -- Mendelson, S.: On multiplier processes under weak moment assumptions -- Milman, V., Rotem, L.: Characterizing the radial sum for star bodies -- Oleskiewicz, K.: On mimicking Rademacher sums in tail spaces -- Rossi, A., Salani, P.: Stability for Borell-Brascamp-Lieb inequalities.pan>.
520 ## - SUMMARY, ETC.
Summary, etc As in the previous Seminar Notes, the current volume reflects general trends in the study of Geometric Aspects of Functional Analysis, understood in a broad sense. A classical theme in the Local Theory of Banach Spaces which is well represented in this volume is the identification of lower-dimensional structures in high-dimensional objects. More recent applications of high-dimensionality are manifested by contributions in Random Matrix Theory, Concentration of Measure and Empirical Processes. Naturally, the Gaussian measure plays a central role in many of these topics, and is also studied in this volume; in particular, the recent breakthrough proof of the Gaussian Correlation Conjecture is revisited. The interplay of the theory with Harmonic and Spectral Analysis is also well apparent in several contributions. The classical relation to both the primal and dual Brunn-Minkowski theories is also well represented, and related algebraic structures pertaining to valuations and valent functions are discussed. All contributions are original research papers and were subject to the usual refereeing standards.
506 ## - RESTRICTIONS ON ACCESS NOTE
Terms governing access Available to subscribing member institutions only. Доступно лише організаціям членам підписки.
506 ## - RESTRICTIONS ON ACCESS NOTE
Standardized terminology for access restriction Online access from local network of NaUOA.
506 ## - RESTRICTIONS ON ACCESS NOTE
Standardized terminology for access restriction Online access with authorization at https://link.springer.com/
506 ## - RESTRICTIONS ON ACCESS NOTE
Standardized terminology for access restriction Онлайн-доступ з локальної мережі НаУОА.
506 ## - RESTRICTIONS ON ACCESS NOTE
Standardized terminology for access restriction Онлайн доступ з авторизацією на https://link.springer.com/
650 #0 - SUBJECT ADDED ENTRY--TOPICAL TERM
Topical term or geographic name as entry element Functional analysis.
650 #0 - SUBJECT ADDED ENTRY--TOPICAL TERM
Topical term or geographic name as entry element Convex geometry .
650 #0 - SUBJECT ADDED ENTRY--TOPICAL TERM
Topical term or geographic name as entry element Discrete geometry.
650 #0 - SUBJECT ADDED ENTRY--TOPICAL TERM
Topical term or geographic name as entry element Probabilities.
650 14 - SUBJECT ADDED ENTRY--TOPICAL TERM
Topical term or geographic name as entry element Functional Analysis.
-- http://scigraph.springernature.com/things/product-market-codes/M12066
650 24 - SUBJECT ADDED ENTRY--TOPICAL TERM
Topical term or geographic name as entry element Convex and Discrete Geometry.
-- http://scigraph.springernature.com/things/product-market-codes/M21014
650 24 - SUBJECT ADDED ENTRY--TOPICAL TERM
Topical term or geographic name as entry element Probability Theory and Stochastic Processes.
-- http://scigraph.springernature.com/things/product-market-codes/M27004
700 1# - ADDED ENTRY--PERSONAL NAME
Personal name Klartag, Bo'az.
Relator term editor.
Relator code edt
-- http://id.loc.gov/vocabulary/relators/edt
700 1# - ADDED ENTRY--PERSONAL NAME
Personal name Milman, Emanuel.
Relator term editor.
Relator code edt
-- http://id.loc.gov/vocabulary/relators/edt
710 2# - ADDED ENTRY--CORPORATE NAME
Corporate name or jurisdiction name as entry element SpringerLink (Online service)
773 0# - HOST ITEM ENTRY
Title Springer eBooks
776 08 - ADDITIONAL PHYSICAL FORM ENTRY
Display text Printed edition:
International Standard Book Number 9783319452814
776 08 - ADDITIONAL PHYSICAL FORM ENTRY
Display text Printed edition:
International Standard Book Number 9783319452838
830 #0 - SERIES ADDED ENTRY--UNIFORM TITLE
Uniform title Lecture Notes in Mathematics,
-- 0075-8434 ;
Volume number/sequential designation 2169
856 40 - ELECTRONIC LOCATION AND ACCESS
Uniform Resource Identifier <a href="https://doi.org/10.1007/978-3-319-45282-1">https://doi.org/10.1007/978-3-319-45282-1</a>
912 ## -
-- ZDB-2-SMA
912 ## -
-- ZDB-2-LNM
942 ## - ADDED ENTRY ELEMENTS (KOHA)
Koha item type ЕКнига

Немає доступних примірників.